KOHA-Header-6

Our Freedom Fighters 1562-1947 (Record no. 6887)

000 -LEADER
fixed length control field 00259nam a2200109Ia 4500
100 ## - MAIN ENTRY--AUTHOR NAME
Personal name G. Allana
245 #0 - TITLE STATEMENT
Title Our Freedom Fighters 1562-1947
260 ## - PUBLICATION, DISTRIBUTION, ETC. (IMPRINT)
Place of publication Lahore
Name of publisher Royal Book
Year of publication 1996
300 ## - PHYSICAL DESCRIPTION
Number of Pages 350
942 ## - ADDED ENTRY ELEMENTS (KOHA)
Koha item type Books
Holdings
Withdrawn status Lost status Collection code Permanent Location Current Location Shelving location Date acquired Full call number Accession Number Koha item type
      MAJU MAJU   2019-09-11 297.23 390 Pakistan Studies

Powered by Koha